Globos / (Registro nro. 12654)

Detalles MARC
000 -LIDER
fixed length control field 00703nam a22002417a 4500
003 - IDENTIFICACDOR DE NÚMERO DE CONTROL
control field DO-SdBNP
005 - DATE AND TIME OF LATEST TRANSACTION
control field 20180216130828.0
008 - ELEMENTOS DE LONGITUD FIJA
fixed length control field 161031b 2006 xxu a 1 00| 0 spa d
020 ## - ISBN
International Standard Book Number 0765276828
040 ## - FUENTE DE CATALOGACIÓN
Agencia que crea de manera original el registro BPMSU
Idioma de catalogación spa
Agencia que realiza la transcripción BPMSU
082 ## - NÚMERO DE CLASIFICACIÓN DECIMAL DE DEWEY
Classification number xxxx
Item number K28g
100 1# - ASIENTO PRINCIPAL -- NOMBRE PERSONAL
Nombre personal Kekewich, Deborah
245 10 - MENCIÓN DE TITULO
Título Globos /
Mención de responsabilidad Deborah Kekewich
260 ## - PUBLICACIÓN, DISTRIBUCIÓN, ETC. (PIE DE IMPRENTA)
Lugar de publicación, distribución, etc Estados Unidos :
Nombre del editor, distribuidor, etc. Celebration Press,
-- Pearson Learning Group ,
Fecha de publicación, distribución, etc 2006.
300 ## - DESCRIPCIÓN FÍSICA
Extensión 16 p. :
Otros detalles físicos il. ;
Dimensiones 25 cm.
490 1# - MENCIÓN DE SERIES
Mención de serie iOpeners
500 ## - NOTA GENERAL
Nota general Incluye glosario
500 ## - NOTA GENERAL
Nota general Consultor de desarrollo de programa (K-2) Nell Duke
830 #0 - ASIENTO SECUNDARIO DE SERIE--TÍTULO UNIFORME
Título uniforme iOpeners
942 ## - ADDED ENTRY ELEMENTS (KOHA)
Source of classification or shelving scheme Dewey Decimal Classification
Koha item type Libros
945 ## - INFORMACIÓN DE PROCESAMIENTO LOCAL
Información de procesamiento local Inventariado, 2018/ YL
956 ## - LOCAL ELECTRONIC LOCATION AND ACCESS (OCLC)
Nombre de host YLOCKWARD
Número de acceso 10
Información de compresión BPMSU
Existencias
Withdrawn status Lost status Source of classification or shelving scheme Damaged status Not for loan Collection code Home library Current library Date acquired Source of acquisition Total Checkouts Full call number Barcode Date last seen Price effective from Koha item type
    Dewey Decimal Classification     Colección Infantil General Biblioteca Pública Metropolitana Salomé Ureña Biblioteca Pública Metropolitana Salomé Ureña 10/20/2017 Donado por el Despacho de la Primera Dama   xxxx K28g BPMSU17100096 10/20/2017 10/20/2017 Libros